000 00982nam a2200265Ia 4500
003 OSt
005 20221005103820.0
006 a|||||r|||| 00| 0
007 ta
008 221004b |||||||| |||| 00| 0 san d
020 _a9788178542645 (hbk)
_c450
024 _a15159
037 _b146, 28/10/2014, Eastern Book Linkers
_cTextual
040 _aCRL
_cCRL
_bsan
041 _2san
_asan
082 _aO15:g7,1:g, 152Q4
100 _aरूबी
245 0 _aध्वयालोक की उज्जीवनी टीका एक समीक्षा
246 _aDhvayālok kī ujjīvanī ṭīkā ek samīkṣhā
260 _aदिल्ली
_bईस्टर्न बुक लिंकर्स भारत
_c2014
300 _a180पृ0
_ccm.
650 _aसंस्कृत साहित्य
942 _hO15:g7,1:g, 152Q4
_cTEXL
_2cc
999 _c1010996
_d1010996